Score 0/20 Timer 02:00
1 Play Today
Movie Missing Word % Correct
Star Wars: Phantom
84.6%
Charlie's Angels: Throttle
80.3%
Rambo:Blood
74.3%
Legally Blonde 2:Blonde
71.9%
Friday the 13th Part VIII:Jason
69.8%
X-Men:Stand
62.1%
Speed 2: Cruise
60.6%
Star Trek III:Spock
51%
Superman IV:Quest
49.9%
Breakin' 2:Electric
47.1%
Movie Missing Word % Correct
Dumb and Dumberer:Lloyd
46.6%
A Nightmare on Elm Street 3: Dream
42.1%
The Naked Gun 2.5:Fear
40.2%
Lara Croft Tomb Raider:Cradle
39%
Gremlins 2:Batch
36.8%
Hellboy II:Golden
31.3%
Airplane 2:Sequel
30.9%
Revenge of the Nerds II:Paradise
24.4%
Police Academy 7:Moscow
20.3%
Porky's II:Day
20.2%

Today's Daily Dose

Remove Ads.
Support Sporcle.
Get the best of Sporcle when you Go Orange. This ad-free experience offers more features, more stats, and more fun while also helping to support Sporcle. Thank you for becoming a member.

You're not logged in!

Compare scores with friends on all Sporcle quizzes.
OR
Log In

Show Comments

Extras

Top Quizzes Today


Score Distribution

Your Account Isn't Verified!

In order to create a playlist on Sporcle, you need to verify the email address you used during registration. Go to your Sporcle Settings to finish the process.

Report this User

Report this user for behavior that violates our Community Guidelines.

Details: